Coups d'État - Statistiques

Statistiques générales
  • Ce quiz a été pris 19 603 fois
  • Le résultat moyen est 11 sur 19
Statistiques - réponses
Année Chef Pays % Correct
1799 Napoleon Bonaparte  France
99%
1923 Adolf Hitler Allemagne
98%
1922 Benito Mussolini Italie
97%
1936 Francisco Franco Espagne
92%
49 BC Julius Caesar Rome
91%
1973 Augusto Pinochet Chili
72%
1992 Hugo Chavez Venezuela
71%
1969 Muammar al-Gaddafi Libye
67%
1961 Park Chung Hee Corée du Sud
62%
1944 Claus von Stauffenberg Allemagne
53%
1953 Mohammad Reza Shah Iran
50%
1688 Guillaume d'Orange Angleterre
44%
1933 Fulgencio Batista Cuba
39%
1960 Mobutu Sese Seko R. D. du Congo
38%
1992 Alberto Fujimori Pérou
24%
1958 Ayub Khan Pakistan
23%
1971 Idi Amin Ouganda
22%
1999 Pervez Musharraf Pakistan
17%
2005 King Gyanendra Népal
8%
Aucun quiz correspondant
Distribution des résultats
% des personnes avec chaque résultat
Percentile par nombre de réponses
Votre historique - résultats
Vous n’avez pas pris ce quiz